000
00250nam a22001097a 4500
999
_c
162523
_d
162523
082
_a
_b
100
_a
Birdwood C B
245
_a
India's Freedom struggle/
_c
by Birdwood C B.
260
_a
New Delhi:
_b
Discovery,
_c
1988.
650
_a
942
_c
BK